| 000 -CABECERA |
| fixed length control field |
00875nam a22002297i 4500 |
| 003 - IDENTIFICADOR DEL NÚMERO DE CONTROL |
| control field |
AR-CdUCM |
| 008 - DATOS DE LONGITUD FIJA--INFORMACIÓN GENERAL |
| fixed length control field |
260330b20242024 pe||||| |||| 00| 0 spa d |
| 020 ## - NÚMERO INTERNACIONAL ESTÁNDAR DEL LIBRO |
| ISBN |
978-84-18246-54-8 |
| 040 ## - FUENTE DE LA CATALOGACIÓN |
| Agencia/entidad que catalogó originalmente la obra |
MUNICIPALIDAD PROVINCIAL DEL CUSCO |
| Entidad que transcribió la catalogación |
BIBLIOTECA MUNICIPAL DEL CUSCO |
| 082 ## - NÚMERO DE LA CLASIFICACIÓN DECIMAL DEWEY |
| No. de Clasificación |
EP / 101.01 |
| Notacion interna |
B12 |
| 100 ## - ENTRADA PRINCIPAL--NOMBRE DE PERSONA |
| Nombre Personal |
Baccalario, Perdomenico |
| 245 ## - MENCIÓN DE TÍTULO |
| Título |
¿De qué esta hecho el mundo? : |
| Resto del título |
Enciclopedia juvenil para mentes curiosas / |
| 260 ## - PUBLICACIÓN, DISTRIBUCIÓN, ETC. |
| Lugar de publicación, distribución, etc. |
Barcelona-España : |
| Nombre de la editorial, distribuidor, etc. |
BOLDLETTERS S. L. |
| Fecha de publicación, distribución, etc. |
2024 |
| 300 ## - DESCRIPCIÓN FÍSICA |
| Nº de Páginas Extensión |
139 páginas. : |
| Dimensiones |
21x14 cm. |
| 505 ## - NOTA DE CONTENIDO CON FORMATO |
| Nota de contenido formateada |
¿De que estoy hecho? -- ¿Cómo de miden las cosas' -- ¿Qué significa natural? -- ¿´Para que sirve la química? |
| 650 ## - PUNTO DE ACCESO ADICIONAL DE MATERIA--TÉRMINO DE MATERIA |
| Descriptor |
Para que sirve la física |
| 9 (RLIN) |
52394 |
| 650 ## - PUNTO DE ACCESO ADICIONAL DE MATERIA--TÉRMINO DE MATERIA |
| Descriptor |
Para que sirve la química |
| 9 (RLIN) |
52395 |
| 856 ## - LOCALIZACIÓN Y ACCESO ELECTRÓNICOS |
| Dirección electrónica |
www.bold-letters.com |
| 942 ## - ELEMENTOS DE PUNTO DE ACCESO ADICIONAL (KOHA) |
| Fuente de clasificación |
|
| Tipo de item |
Libros-BMC |
| 945 ## - PROCESAMIENTO DE INFORMACIÓN LOCAL (OCLC) |
| Catalogador |
pbjr |
| AAAA-MM-DD - Fecha de ingreso o modificacion |
30-01-2024 |